LEADER 03273nam 22007571 450 001 9910453355703321 005 20200520144314.0 010 $a3-11-087087-8 024 7 $a10.1515/9783110870879 035 $a(CKB)2550000001152489 035 $a(SSID)ssj0001175844 035 $a(PQKBManifestationID)11625570 035 $a(PQKBTitleCode)TC0001175844 035 $a(PQKBWorkID)11130875 035 $a(PQKB)11743197 035 $a(MiAaPQ)EBC3044306 035 $a(DE-B1597)56067 035 $a(OCoLC)1013936898 035 $a(OCoLC)1029823460 035 $a(OCoLC)1032679586 035 $a(OCoLC)1037979169 035 $a(OCoLC)1041987132 035 $a(OCoLC)1046607472 035 $a(OCoLC)1047008013 035 $a(OCoLC)1049620638 035 $a(OCoLC)1054880688 035 $a(OCoLC)979849442 035 $a(DE-B1597)9783110870879 035 $a(Au-PeEL)EBL3044306 035 $a(CaPaEBR)ebr10782267 035 $a(OCoLC)922947454 035 $a(EXLCZ)992550000001152489 100 $a20011228d2002 uy 0 101 0 $aeng 135 $aurcnu|||||||| 181 $ctxt 182 $cc 183 $acr 200 10$aVerb classification in Australian languages /$fby William B. McGregor 205 $aReprint 2013 210 1$aBerlin ;$aNew York :$cMouton de Gruyter,$d2002. 215 $a1 online resource (557 pages) $cillustrations 225 0 $aEmpirical Approaches to Language Typology [EALT] ;$v25 225 0$aEmpirical approaches to language typology ;$v25 300 $aBibliographic Level Mode of Issuance: Monograph 311 $a3-11-179894-1 311 $a3-11-017141-4 320 $aIncludes bibliographical references (pages [473]-505) and indexes. 327 $tFrontmatter -- $tPreface -- $tContents -- $tList of Figures -- $tList of maps -- $tList of Tables -- $tAbbreviations and Conventions -- $tChapter 1. Introduction -- $tChapter 2. The Gooniyandi verb classifier system -- $tChapter 3. CVC-based verb category systems -- $tChapter 4. Comparison of verb category systems -- $tChapter 5. Verb class systems: conjugations -- $tChapter 6. The grammar of verb superclassifying constructions -- $tChapter 7. Related grammatical phenomena -- $tChapter 8. Evolution of verb classification in Australia -- $tChapter 9. Verb classification in discourse: a preliminary investigation -- $tChapter 10. Conclusions -- $tAppendix 1. Basic information on Australian languages mentioned in this book -- $tAppendix 2 Australian phonologies and orthographies -- $tNotes -- $tReferences -- $tAuthor index -- $tLanguage index -- $tSubject index 606 $aAustralian languages$xVerb phrase 606 $aAustralian languages$xSemantics 606 $aGrammar, Comparative and general$xSyntax 608 $aElectronic books. 615 0$aAustralian languages$xVerb phrase. 615 0$aAustralian languages$xSemantics. 615 0$aGrammar, Comparative and general$xSyntax. 676 $a499/.15 686 $aEE 1810$2rvk 700 $aMcGregor$b William$f1952-$01026052 801 0$bMiAaPQ 801 1$bMiAaPQ 801 2$bMiAaPQ 906 $aBOOK 912 $a9910453355703321 996 $aVerb classification in Australian languages$92491356 997 $aUNINA LEADER 04384oam 2200709I 450 001 9910779019403321 005 20230802005017.0 010 $a1-136-82502-9 010 $a1-280-66153-4 010 $a9786613638465 010 $a0-203-83082-2 010 $a1-136-82503-7 024 7 $a10.4324/9780203830826 035 $a(CKB)2550000000100219 035 $a(EBL)958506 035 $a(OCoLC)798531521 035 $a(SSID)ssj0000654346 035 $a(PQKBManifestationID)11401548 035 $a(PQKBTitleCode)TC0000654346 035 $a(PQKBWorkID)10659965 035 $a(PQKB)10870724 035 $a(OCoLC)794669879 035 $a(MiAaPQ)EBC958506 035 $a(Au-PeEL)EBL958506 035 $a(CaPaEBR)ebr10558681 035 $a(CaONFJC)MIL363846 035 $a(EXLCZ)992550000000100219 100 $a20180706d2012 uy 0 101 0 $aeng 135 $aur|n|---||||| 181 $ctxt 182 $cc 183 $acr 200 10$aAnimal-assisted brief therapy $ea solution-focused approach /$fTeri Pichot 205 $a2nd ed. 210 1$aNew York, N.Y. :$cRoutledge,$d2012. 215 $a1 online resource (313 p.) 300 $aDescription based upon print version of record. 311 $a0-415-88960-X 311 $a0-415-88961-8 320 $aIncludes bibliographical references and index. 327 $aCover; Animal-Assisted Brief Therapy: A Solution-Focused Approach; Copyright; Dedication; Contents; Foreword: A Dog's Tail Never Lies; Acknowledgments; Introduction; CHAPTER 1: The Basics of Animal-Assisted Activities/Therapy (AAA/T); CHAPTER 2: The Solution-Focused Basics; CHAPTER 3: What Every Therapist Needs to Know About Dogs Before Partnering With One in AAA/T; CHAPTER 4: How to Create a Successful AAA/T Program for Your Setting; CHAPTER 5: Using AAA in Solution-Focused Treatment Settings; CHAPTER 6: Using a Therapy Dog in Solution-Focused Therapy Treatment Sessions 327 $aCHAPTER 7: Applying AAA/T to Special PopulationsCHAPTER 8: Using Animal-Assisted Activities With Employees and Agencies; CHAPTER 9: The Gift of the Imperfect Dog; CHAPTER 10: Unexpected Lessons Learned; Epilogue; Bibliography; Appendix A: AAA/T Resources and Information; Appendix B: Sample Policy and Procedure; Index 330 $a"This book provides a comprehensive look at AAA/T and is perfect for therapists struggling to find new and effective ways to work with clients; therapists trying to utilize this approach in their practice; administrators and clinical supervisors wanting to implement AAA/T at their agency; educators; and students"--$cProvided by publisher. 330 $a"This book provides therapists with concrete examples of how to appropriately implement Animal Assisted Activities/Therapy (AAA/T) to cultivate positive effects in treatment. It explains how this loving and patient therapy for clients need not be the difficult challenge that it at first appears to be. This resource takes you step by step through the process, showing what practical strategies can be used to offset most obstacles and unknowns. This one-of-a-kind guide clearly explains how to blend and structure the numerous aspects of AAA/T with Solution Focused Therapy to become a more effective treatment program. Appendices provide AAA/T resources, sample policy and procedures, and training resources across the United States.
Animal-Assisted Brief Therapy: A Solution-Focused Approach provides a comprehensive look at AAA/T and is perfect for therapists struggling to find new and effective ways to work with clients; therapists trying to utilize this approach in their practice; administrators and clinical supervisors wanting to implement AAA/T at their agency; educators; and students"--$cProvided by publisher. 606 $aPets$xTherapeutic use 606 $aAnimals$xTherapeutic use 606 $aSolution-focused brief therapy 615 0$aPets$xTherapeutic use. 615 0$aAnimals$xTherapeutic use. 615 0$aSolution-focused brief therapy. 676 $a615.8515 676 $a616.891658 686 $aPET000000$aPSY000000$aPSY036000$2bisacsh 700 $aPichot$b Teri.$01491368 801 0$bMiAaPQ 801 1$bMiAaPQ 801 2$bMiAaPQ 906 $aBOOK 912 $a9910779019403321 996 $aAnimal-assisted brief therapy$93755379 997 $aUNINA LEADER 01125nam0 22002771i 450 001 UON00349839 005 20231205104336.776 100 $a20091215d1951 |0itac50 ba 101 $aita$aFRE 102 $aIT 105 $a|||| 1|||| 200 1 $aAll'insegna del "Parnasse"$escelta di liriche francesi con introduzione e note$fCarlo Pellegrini 210 $aNapoli$cEdizioni Scientifiche Italiane$d1951 215 $a173 p.$d21 cm. 410 1$1001UON00316988$12001 $aCollana di Antologie$1210 $aNapoli$cEdizioni Scientifiche Italiane. 606 $aPOESIA FRANCESE$3UONC038366$2FI 620 $aIT$dNapoli$3UONL000012 676 $a841$cPoesia francese$v21 702 1$aPellegrini$bCarlo$3UONV127972 712 $aEdizioni Scientifiche Italiane$3UONV248238$4650 801 $aIT$bSOL$c20250425$gRICA 899 $aSIBA - SISTEMA BIBLIOTECARIO DI ATENEO$2UONSI 912 $aUON00349839 950 $aSIBA - SISTEMA BIBLIOTECARIO DI ATENEO$dSI V B PAR PEL $eSI MR 33341 5 996 $aAll'insegna del "Parnasse"$91355462 997 $aUNIOR